Novi generis imperia constituere iura magistratuum commutare: progetto e riforma della respublica da Pompeo e Cesare ad Augusto
Shranjeno v:
| Glavni avtor: | |
|---|---|
| Format: | Knjiga |
| Jezik: | italijanščina |
| Izdano: |
Reggio Emilia
Iiriti Editore
2009
|
| Izdaja: | 1a. ed |
| Serija: | Opuscula Regina Historica, 1
|
| Teme: | |
| Oznake: |
Označite
Brez oznak, prvi označite!
|
MARC
| LEADER | 00000cam a2200000 a 4500 | ||
|---|---|---|---|
| 001 | UCD8613 | ||
| 003 | CL-VaPUC | ||
| 008 | 170519e20090000it |||||||||||||||||ita|d | ||
| 020 | |a 9788864940038 | ||
| 082 | 0 | 4 | |a 937.02 |b COS |2 21 |
| 100 | 0 | |a Costabile, Felice |e author |9 592108 | |
| 245 | 1 | 0 | |a Novi generis imperia constituere iura magistratuum commutare: progetto e riforma della respublica da Pompeo e Cesare ad Augusto |
| 250 | |a 1a. ed | ||
| 300 | |a 142 p | ||
| 942 | |c BK | ||
| 945 | |d 20170519 15:42:00 |a dcastane | ||
| 260 | |a Reggio Emilia |b Iiriti Editore |c 2009 | ||
| 650 | 0 | |a Imperio Romano |9 322785 | |
| 650 | 7 | |a HISTORIA DE ROMA ANTIGUA |2 CL-VaPUC |9 541459 | |
| 583 | |a last modification |c 20170519 15:42:00 |k Rodrigo Vera | ||
| 490 | 0 | |a Opuscula Regina Historica, 1 | |
| 999 | |c 367969 |d 367967 | ||
| 952 | |0 0 |1 0 |3 erb |4 0 |6 937_020000000000000_COS_2009 |7 0 |8 A |9 483201 |a FDOLAF |b FDOLAF |e Laffi, Umberto, 1939- |i 5391784 |o 937.02 COS 2009 |p 5391784 |r 2024-01-30 |w 2019-11-24 |y BK |z Catalogado en:20170519 |k LAF | ||